El tercer mundo en la crisis: las transformaciones recientes de las relaciones norte-sur
Đã lưu trong:
| Tác giả chính: | |
|---|---|
| Định dạng: | Sách |
| Ngôn ngữ: | Tiếng Tây Ban Nha |
| Được phát hành: |
Buenos Aires
GEL
1987
|
| Loạt: | Estudios Políticos y Sociales
|
| Những chủ đề: | |
| Các nhãn: |
Thêm thẻ
Không có thẻ, Là người đầu tiên thẻ bản ghi này!
|
MARC
| LEADER | 00000nam a2200000 a 4500 | ||
|---|---|---|---|
| 001 | UCO8016 | ||
| 003 | CL-VaPUC | ||
| 008 | 001124e19870000AG |||||||||||||||||spa|d | ||
| 082 | 0 | 4 | |a 330.904 |b OMI |2 21 |
| 100 | |a Ominami Pascual, Carlos |e autor |9 314696 | ||
| 245 | 1 | 3 | |a El tercer mundo en la crisis: las transformaciones recientes de las relaciones norte-sur |
| 300 | |a 308 p | ||
| 942 | |c BK | ||
| 945 | |d 20001124 00:00:00 |a crobeson | ||
| 260 | |a Buenos Aires |b GEL |c 1987 | ||
| 500 | |a Donación del profesor Manfred Wilhelmy von Wolff | ||
| 650 | 7 | |a ECONOMIA MUNDIAL |2 CL-VaPUC |9 452838 | |
| 650 | 7 | |a TERCER MUNDO |2 CL-VaPUC |9 343226 | |
| 650 | 7 | |a CRISIS ECONOMICA |2 CL-VaPUC |9 452839 | |
| 650 | 7 | |a DIVISION DEL TRABAJO |2 CL-VaPUC |9 312760 | |
| 650 | 7 | |a DEUDA EXTERNA |2 CL-VaPUC |9 314619 | |
| 583 | |a last modification |c 20001124 00:00:00 |k Rodrigo Vera | ||
| 490 | 0 | |a Estudios Políticos y Sociales | |
| 999 | |c 292828 |d 292826 | ||
| 952 | |0 0 |1 0 |4 0 |6 330_904000000000000_OMI_1987 |7 0 |8 A |9 343902 |a BIBHIS |b BIBHIS |d 2019-11-20 |i 1235346 |o 330.904 OMI 1987 |p 1235346 |r 2025-01-20 |w 2019-11-20 |y BK |k HIS | ||